000 00662nam a2200241 i 4500
001 C2-0278920
003 PPAK
005 20180728010338.0
008 070410s2006 my a|||| ||||| | may d
020 _a9833526225
040 _aPPAK
_beng
_cPPAK
_erda
082 0 4 _a005.133
_223
090 0 0 _a005.133
_bAZH
_dR
100 0 _aAzhar Mat Zin,
_eauthor
245 1 0 _aPengaturcaraan PureBasic
264 1 _aBatu Caves, Selangor :
_bVenton Publishing ,
_c2006
300 _av, 304 pages :
_billustrations ;
_c25 cm
336 _2rdacontent
_atext
337 _2rdamedia
_aunmediated
338 _2rdacarrier
_avolume
650 1 0 _aPure basic.
942 _ddc
_cB
999 _c85711
_d85711